Napirenden a megye közlekedésfejlesztési tervének teljesítése : Földvári László miniszterhelyettes megbeszélése a Csongrád megyei párt- és tanácsi vezetőkkel
Elmentve itt :
| Dokumentumtípus: | Cikk |
|---|---|
| Megjelent: |
1979-02-15
|
| Sorozat: | Délmagyarország
69 No. 38 |
| Kulcsszavak: | Földvári László, közlekedés |
| Online Access: | http://dmarchiv.bibl.u-szeged.hu/93856 |
| LEADER | 00565nab a2200145 i 4500 | ||
|---|---|---|---|
| 001 | delm93856 | ||
| 005 | 20190524105759.0 | ||
| 008 | 190524s1979 hu o 0|| hun d | ||
| 040 | |a SZTE Délmagyarország Archívum |b hun | ||
| 041 | |a hun | ||
| 245 | 0 | 0 | |a Napirenden |h [elektronikus dokumentum] : |b a megye közlekedésfejlesztési tervének teljesítése : Földvári László miniszterhelyettes megbeszélése a Csongrád megyei párt- és tanácsi vezetőkkel |
| 260 | |c 1979-02-15 | ||
| 300 | |a 1 | ||
| 490 | 0 | |a Délmagyarország |v 69 No. 38 | |
| 695 | |a Földvári László, közlekedés | ||